zgadnij europejski kraj po dwóch podpowiedziach - Statystyki

Ogólne statystyki
  • Ten quiz został rozwiązany 60 razy
  • Średni wynik to 14 z 15
Statystyki odpowiedzi
Hint Odpowiedź % Poprawnych
Wieża eiffla,bagietka Francja
98%
Putin,ogromny kraj Rosja
98%
Pizza,krzywa wieża Włochy
98%
Kreta,starożytne ruiny Grecja
96%
Piwo,Berlin Niemcy
96%
Złoty,Kraków Polska
96%
najmniejsze państwo,papież Watykan
96%
Real Madryt,sjesta Hiszpania
94%
Lizbona,Ronaldo Portugalia
92%
Big ben,szkocja Wielka Brytania
92%
strata Krymu, pszenica Ukraina
90%
Najbezpieczniejszy kraj,wulkany Islandia
88%
Wampir,Lej Rumunia
84%
Banki i finanse,instytucje UE Luksemburg
80%
Luksus, najdłuższa średnia życia Monako
69%
Nie znaleziono quizów pasujących do podanych kryteriów
Rozkład punktacji
Procent ludzi z każdym wynikiem
Percentyl według liczby udzielonych odpowiedzi
Twoja historia wyników
Nie rozwiązałeś tego quizu